Finančné nástroje v poisťovniach
Priblíženie medzinárodného štandardu pre finančné vykazovanie IFRS 9 Finančné nástroje z pohľadu poisťovní. Štandard vstupuje do platnosti od účtovného obdobia začínajúceho po 1.1.2013, pričom účtovné jednotky, vrátane poisťovní, ho môžu aplikovať aj skôr.
Enregistré dans:
| Auteur principal: | |
|---|---|
| Autres auteurs: | |
| Format: | Chapitre de livre |
| Langue: | slovaque |
| Sujets: | |
| Tags: |
Pas de tags, Soyez le premier à ajouter un tag!
|
MARC
| LEADER | 00000nla$a2200000$$$4500 | ||
|---|---|---|---|
| 001 | 0136954 | ||
| 005 | 20240502072532.1 | ||
| 041 | 0 | |a slo | |
| 044 | |a SK | ||
| 245 | 1 | 0 | |a Finančné nástroje v poisťovniach |c Matej Lepieš, Zuzana Juhászová |
| 520 | |a Priblíženie medzinárodného štandardu pre finančné vykazovanie IFRS 9 Finančné nástroje z pohľadu poisťovní. Štandard vstupuje do platnosti od účtovného obdobia začínajúceho po 1.1.2013, pričom účtovné jednotky, vrátane poisťovní, ho môžu aplikovať aj skôr. | ||
| 610 | 2 | 0 | |a poisťovne |
| 610 | 2 | 0 | |a nástroje finančné |
| 610 | 2 | 0 | |a IFRS |
| 610 | 2 | 0 | |a štandardy |
| 100 | 1 | |a Lepieš, Matej, 1986- | |
| 700 | 1 | |a Juhászová, Zuzana, 1970- | |